[Event "XI GRAN TORNEO INTERNACIONAL AFICIONADOS"]
[Site "Benidorm (Alicante - SPAIN)"]
[Date "2012.12.01"]
[Round "2"]
[White "Lacrosse, Marc"]
[Black "Lloret Ramis, Juan Jose"]
[Result "1/2-1/2"]
[WhiteElo "2163"]
[BlackElo "2285"]
[PlyCount "90"]
[EventDate "2012.11.30"]
[EventRounds "10"]
[EventCountry "ESP"]

1. d4 d5 2. c4 e6 3. Nc3 Nf6 4. Bg5 Be7 5. e3 h6 6. Bxf6 Bxf6 7. Rc1 c6 8. Nf3
Nd7 9. Bd3 O-O 10. O-O dxc4 11. Bxc4 e5 12. Ne4 exd4 13. Nxd4 Qe7 14. Qf3 Bxd4
15. exd4 Nb6 16. Bb3 Be6 17. Nc5 Bxb3 18. Qxb3 Rad8 19. Rfd1 Rfe8 20. h3 Nd5
21. Qxb7 Qxb7 22. Nxb7 Rb8 23. Nd6 Red8 24. Nc4 Nf4 25. Kf1 Ne6 26. b3 Rxd4 27.
Rxd4 Nxd4 28. Ne5 Rc8 29. Rc4 c5 30. Nd7 Ne6 31. b4 Rd8 32. Nxc5 Rd1+ 33. Ke2
Ra1 34. Nxe6 Rxa2+ 35. Kd3 fxe6 36. Rf4 a5 37. bxa5 Rxa5 38. h4 Rb5 39. Ke2 Rb3
40. g3 Ra3 41. Kf1 h5 42. Kg2 Rb3 43. Kf1 Rb2 44. Kg2 Rb3 45. Kf1 Rb2 1/2-1/2

[Event "XI GRAN TORNEO INTERNACIONAL AFICIONADOS"]
[Site "Benidorm (Alicante - SPAIN)"]
[Date "2012.12.01"]
[Round "2"]
[White "Murcia Paredes, Angel"]
[Black "Cruz Lledo, Pablo"]
[Result "0-1"]
[WhiteElo "2163"]
[BlackElo "2281"]
[PlyCount "104"]
[EventDate "2012.11.30"]
[EventRounds "10"]
[EventCountry "ESP"]

1. e4 d5 2. exd5 Qxd5 3. Nc3 Qa5 4. Bc4 Nf6 5. h3 Bf5 6. Nf3 e6 7. Qe2 Bd6 8.
d3 c6 9. Bd2 Qc7 10. Ne4 Bxe4 11. dxe4 Nbd7 12. O-O O-O 13. Rfd1 Ne5 14. Bb3 c5
15. c3 b5 16. Bg5 c4 17. Bc2 Nxf3+ 18. Qxf3 Be5 19. Rd2 Rfd8 20. Rad1 a5 21.
Be3 Rxd2 22. Rxd2 b4 23. Bg5 Rb8 24. g3 a4 25. Bxa4 bxc3 26. bxc3 Qa5 27. Bxf6
gxf6 28. Bd1 Bxc3 29. Rc2 Bd4 30. Rxc4 Qe1+ 31. Kg2 Bxf2 32. Qxf2 Qxd1 33. Qc2
Qd7 34. Rc7 Qd8 35. a4 Kg7 36. Rc4 Qa5 37. Qc3 Qh5 38. g4 Qg5 39. Qc1 Qe5 40.
Rc3 Qxe4+ 41. Kh2 Rb1 42. Qc2 Qf4+ 43. Kg2 Qf1+ 44. Kg3 Qe1+ 45. Kf3 Qh1+ 46.
Kg3 Qg1+ 47. Kh4 Qe1+ 48. Kh5 Qe5+ 49. Kh4 Rg1 50. Qd2 Kg6 51. Qd3+ Kh6 52.
Qe3+ Qg5+ 0-1

[Event "XI GRAN TORNEO INTERNACIONAL AFICIONADOS"]
[Site "Benidorm (Alicante - SPAIN)"]
[Date "2012.12.01"]
[Round "2"]
[White "Grigoriev, Ivan"]
[Black "Ibarra Jerez, Juan Miguel"]
[Result "0-1"]
[WhiteElo "2160"]
[BlackElo "2278"]
[PlyCount "80"]
[EventDate "2012.11.30"]
[EventRounds "10"]
[EventCountry "ESP"]

1. g3 g6 2. Bg2 Bg7 3. e4 c5 4. Ne2 Nc6 5. O-O e6 6. c3 d6 7. d4 b6 8. Nd2 cxd4
9. Nxd4 Nxd4 10. cxd4 Ne7 11. Nc4 O-O 12. b3 b5 13. Ne3 Bb7 14. Bb2 Rc8 15. Qd2
Qb6 16. Rac1 Rxc1 17. Rxc1 f5 18. e5 Bxg2 19. Nxg2 Nd5 20. Nf4 Bh6 21. Rc2 Nxf4
22. gxf4 Rd8 23. Qe3 dxe5 24. dxe5 Qb7 25. Rd2 Rd5 26. f3 Bf8 27. Kg2 Bc5 28.
Qe2 Bb4 29. Rxd5 Qxd5 30. Bc1 a5 31. Be3 a4 32. Qc2 axb3 33. Qxb3 Qxb3 34. axb3
Kg7 35. Bb6 Bd2 36. Kg3 Kf7 37. Bc5 Ke8 38. Bd6 Kd7 39. Bf8 Kc6 40. Bh6 Kc5 0-1

[Event "XI GRAN TORNEO INTERNACIONAL AFICIONADOS"]
[Site "Benidorm (Alicante - SPAIN)"]
[Date "2012.12.01"]
[Round "2"]
[White "Pavon Cardenas, Jesus M"]
[Black "Nordby, Bernt"]
[Result "1-0"]
[WhiteElo "2274"]
[BlackElo "2158"]
[PlyCount "127"]
[EventDate "2012.11.30"]
[EventRounds "10"]
[EventCountry "ESP"]

1. d4 Nf6 2. c4 g6 3. Nf3 Bg7 4. Nc3 O-O 5. g3 d6 6. Bg2 Nc6 7. O-O e5 8. d5
Ne7 9. e4 Ne8 10. Ne1 f5 11. f3 f4 12. b4 g5 13. g4 Ng6 14. a4 Rf7 15. a5 a6
16. c5 Bf8 17. Ba3 Nf6 18. Nd3 h5 19. h3 Rh7 20. Kf2 Kg7 21. Qe2 Be7 22. Ke1
Bd7 23. Nb2 hxg4 24. hxg4 Rh2 25. Rh1 Rxh1+ 26. Bxh1 Qf8 27. Nba4 Rc8 28. Rc1
Qe8 29. cxd6 cxd6 30. Nb6 Bb5 31. Nxb5 Rxc1+ 32. Bxc1 axb5 33. Bg2 Bd8 34. Bf1
Bxb6 35. axb6 Ne7 36. Qxb5 Qxb5 37. Bxb5 Nc8 38. Bc6 Nxb6 39. Bxb7 Kf7 40. Kd2
Ke7 41. Kc3 Kd7 42. Bd2 Kc7 43. Ba6 Ng8 44. Be1 Ne7 45. Bf2 Ng8 46. Be2 Nf6 47.
Bg1 Kb7 48. Bb5 Ng8 49. Bc6+ Kc7 50. b5 Ne7 51. Kb4 Nec8 52. Be8 Na8 53. Bf7
Kb7 54. Be6 Ncb6 55. Bf2 Kc7 56. Bf5 Kb7 57. Bg6 Kc7 58. Bf7 Kb7 59. Be8 Nc8
60. Bc6+ Kb8 61. Ka5 Ne7 62. Bxa8 Kxa8 63. Ka6 Ng6 64. b6 1-0

[Event "XI GRAN TORNEO INTERNACIONAL AFICIONADOS"]
[Site "Benidorm (Alicante - SPAIN)"]
[Date "2012.12.01"]
[Round "2"]
[White "Jordan Martinez, Miguel"]
[Black "Scharrer, Patrick"]
[Result "0-1"]
[WhiteElo "2147"]
[BlackElo "2256"]
[PlyCount "76"]
[EventDate "2012.11.30"]
[EventRounds "10"]
[EventCountry "ESP"]

1. e4 c5 2. Nf3 e6 3. c4 Nc6 4. Nc3 e5 5. d3 d6 6. Be2 g6 7. Nd5 Bg7 8. O-O
Nge7 9. Ne1 O-O 10. Rb1 f5 11. f4 Nxd5 12. cxd5 Nd4 13. Nc2 exf4 14. Bxf4 g5
15. Be3 Nxe2+ 16. Qxe2 f4 17. Bd2 Qe8 18. Bc3 Be5 19. Na3 g4 20. Bxe5 dxe5 21.
g3 Qh5 22. Rf2 Bd7 23. Rbf1 f3 24. Qe3 b6 25. Rc1 Qg6 26. b4 cxb4 27. Nc4 Qf6
28. Qd2 Rac8 29. Rb1 a5 30. a3 bxa3 31. Rxb6 Qe7 32. Qxa5 Ra8 33. Ra6 Rxa6 34.
Qxa6 Qb4 35. Qxa3 Qe1+ 36. Rf1 Qe2 37. Rf2 Qd1+ 38. Rf1 f2+ 0-1

[Event "XI GRAN TORNEO INTERNACIONAL AFICIONADOS"]
[Site "Benidorm (Alicante - SPAIN)"]
[Date "2012.12.01"]
[Round "2"]
[White "Suarez Roa, Jose Francisco"]
[Black "Bajo Gutierrez, Ignacio"]
[Result "1-0"]
[WhiteElo "2141"]
[BlackElo "2252"]
[PlyCount "55"]
[EventDate "2012.11.30"]
[EventRounds "10"]
[EventCountry "ESP"]

1. d4 Nf6 2. c4 g6 3. Nc3 Bg7 4. e4 d6 5. Bd3 O-O 6. Nge2 Nc6 7. O-O e5 8. d5
Nd4 9. Nxd4 exd4 10. Ne2 Re8 11. f3 c5 12. Bg5 a6 13. Qd2 Bd7 14. Rae1 b5 15.
b3 Qc7 16. Ng3 h5 17. h3 Nh7 18. Bh4 b4 19. f4 Bh6 20. Qd1 Kg7 21. Nxh5+ gxh5
22. Qxh5 Rh8 23. e5 Be8 24. Qg4+ Kf8 25. exd6 Qxd6 26. Be7+ Qxe7 27. Rxe7 Kxe7
28. Qh4+ 1-0

[Event "XI GRAN TORNEO INTERNACIONAL AFICIONADOS"]
[Site "Benidorm (Alicante - SPAIN)"]
[Date "2012.12.01"]
[Round "2"]
[White "Grau Brumos, Isidre"]
[Black "Lopez Del Alamo, Antonio"]
[Result "0-1"]
[WhiteElo "2132"]
[BlackElo "2241"]
[PlyCount "60"]
[EventDate "2012.11.30"]
[EventRounds "10"]
[EventCountry "ESP"]

1. d4 Nf6 2. c4 g6 3. Nf3 Bg7 4. Nc3 O-O 5. e4 d6 6. Be2 e5 7. O-O Na6 8. Bg5
Qe8 9. dxe5 dxe5 10. Nd5 Nxe4 11. Be7 c6 12. Bxf8 Qxf8 13. Ne3 f5 14. a3 Nec5
15. Nd2 e4 16. Rb1 f4 17. Nc2 f3 18. gxf3 Bh3 19. fxe4 Rd8 20. Qe1 Qf4 21. Ne3
Rxd2 22. Qxd2 Be5 23. Qd8+ Kf7 24. Ng4 Bxg4 25. Qh4 Bxe2 26. Qxh7+ Kf6 27. f3
Nd3 28. Kg2 Bxf1+ 29. Rxf1 Qg5+ 30. Kh1 Qh5 0-1

[Event "XI GRAN TORNEO INTERNACIONAL AFICIONADOS"]
[Site "Benidorm (Alicante - SPAIN)"]
[Date "2012.12.01"]
[Round "2"]
[White "Martin Martin, Luis Vicente"]
[Black "Arata, Roberto Mario"]
[Result "0-1"]
[WhiteElo "2021"]
[BlackElo "2205"]
[PlyCount "54"]
[EventDate "2012.11.30"]
[EventRounds "10"]
[EventCountry "ESP"]

1. d4 d5 2. Bf4 c5 3. e3 Nc6 4. c3 Bf5 5. Qb3 Qd7 6. Nf3 f6 7. Nbd2 c4 8. Qd1
Bg4 9. Be2 e6 10. e4 Nge7 11. h3 Bh5 12. Bh2 Bg6 13. exd5 exd5 14. O-O Nf5 15.
b3 cxb3 16. axb3 Bd6 17. b4 O-O 18. Nb3 Bxh2+ 19. Nxh2 Nd6 20. Nc5 Qf7 21. Bg4
f5 22. Bf3 Ne4 23. Ra3 Qe7 24. Bh5 Bxh5 25. Qxh5 a5 26. b5 Nd8 27. Nd3 Qxa3 0-1

[Event "XI GRAN TORNEO INTERNACIONAL AFICIONADOS"]
[Site "Benidorm (Alicante - SPAIN)"]
[Date "2012.12.01"]
[Round "2"]
[White "Johansen, Stian"]
[Black "Gallardo Fernandez, Cesar"]
[Result "0-1"]
[WhiteElo "2018"]
[BlackElo "2201"]
[PlyCount "72"]
[EventDate "2012.11.30"]
[EventRounds "10"]
[EventCountry "ESP"]

1. e4 e5 2. Nf3 d6 3. Bc4 c6 4. d4 Qc7 5. Ng5 Nh6 6. O-O Nd7 7. c3 b5 8. Bb3
Bb7 9. a4 a6 10. Qf3 Nf6 11. axb5 cxb5 12. d5 Nhg4 13. h3 h6 14. Nxf7 Qxf7 15.
hxg4 Qg6 16. Qf5 Qxf5 17. gxf5 Nxe4 18. Be3 Be7 19. f3 Ng3 20. Rd1 Nxf5 21. Bf2
Bg5 22. Nd2 Ne3 23. Re1 Nxg2 24. Ne4 Nxe1 25. Nxd6+ Kd7 26. Nxb7 Nxf3+ 27. Kg2
Nh4+ 28. Kh3 Nf5 29. Nc5+ Ke7 30. Re1 Bf6 31. Kg4 g6 32. Bd4 Rhe8 33. d6+ Nxd6
34. Bxe5 Bxe5 35. Rxe5+ Kf6 36. Rd5 Nf5 0-1

[Event "XI GRAN TORNEO INTERNACIONAL AFICIONADOS"]
[Site "Benidorm (Alicante - SPAIN)"]
[Date "2012.12.01"]
[Round "2"]
[White "Picazo Lopez, Juan Antonio"]
[Black "Fuertes Romo, Jose Manuel"]
[Result "1-0"]
[WhiteElo "2191"]
[BlackElo "2033"]
[PlyCount "63"]
[EventDate "2012.11.30"]
[EventRounds "10"]
[EventCountry "ESP"]

1. d4 Nf6 2. c4 c5 3. d5 b5 4. cxb5 a6 5. Nc3 axb5 6. e4 b4 7. Nb5 d6 8. Bf4 g5
9. e5 gxf4 10. exf6 Qa5 11. Qd2 Bd7 12. a4 bxa3 13. Rxa3 Qxd2+ 14. Kxd2 Rxa3
15. bxa3 Kd8 16. fxe7+ Bxe7 17. Nf3 Bg4 18. Be2 Nd7 19. Nfd4 cxd4 20. Bxg4 Ne5
21. Bf5 f3 22. g3 Bg5+ 23. Kc2 Ke7 24. Nxd4 Ra8 25. h4 Bf6 26. Kb3 h5 27. Rc1
Nd7 28. Nc6+ Ke8 29. Bxd7+ Kxd7 30. Re1 Re8 31. Rxe8 Kxe8 32. Kc4 1-0

[Event "XI GRAN TORNEO INTERNACIONAL AFICIONADOS"]
[Site "Benidorm (Alicante - SPAIN)"]
[Date "2012.12.01"]
[Round "2"]
[White "Bonte, Andrei-Mihai"]
[Black "Pique Safont, Joan Manel"]
[Result "1-0"]
[WhiteElo "2297"]
[BlackElo "2017"]
[PlyCount "55"]
[EventDate "2012.11.30"]
[EventRounds "10"]
[EventCountry "ESP"]

1. d4 Nf6 2. c4 e6 3. Nc3 Bb4 4. e3 Ne4 5. Bd2 Nxd2 6. Qxd2 d5 7. a3 Bxc3 8.
Qxc3 O-O 9. Nf3 b6 10. Rc1 c6 11. cxd5 exd5 12. Bd3 Bb7 13. Qc2 h6 14. Ne5 Qd6
15. f4 Nd7 16. O-O Nxe5 17. fxe5 Qe7 18. Qf2 g6 19. h4 c5 20. Qg3 c4 21. Bb1
Kh8 22. Rf6 Rg8 23. Qf4 Kg7 24. Rf1 Raf8 25. e6 Kh7 26. exf7 Rg7 27. h5 Kh8 28.
hxg6 1-0

[Event "XI GRAN TORNEO INTERNACIONAL AFICIONADOS"]
[Site "Benidorm (Alicante - SPAIN)"]
[Date "2012.12.01"]
[Round "2"]
[White "Suarez Uriel, Adrian"]
[Black "Sakulski, Bernard"]
[Result "1-0"]
[WhiteElo "2241"]
[BlackElo "2052"]
[PlyCount "29"]
[EventDate "2012.11.30"]
[EventRounds "10"]
[EventCountry "ESP"]

1. e4 d5 2. exd5 Qxd5 3. Nf3 Bg4 4. Be2 Nc6 5. d4 O-O-O 6. c4 Qa5+ 7. Bd2 Qf5
8. Be3 e6 9. Nc3 Bxf3 10. Bxf3 Nxd4 11. Bxd4 Bc5 12. Qb3 Bxd4 13. Qxb7+ Kd7 14.
Bc6+ Kd6 15. Ne4+ 1-0

[Event "XI GRAN TORNEO INTERNACIONAL AFICIONADOS"]
[Site "Benidorm (Alicante - SPAIN)"]
[Date "2012.12.01"]
[Round "2"]
[White "Skagseth, Havard M"]
[Black "Tejero Royo, Fermin"]
[Result "1/2-1/2"]
[WhiteElo "1875"]
[BlackElo "2133"]
[PlyCount "47"]
[EventDate "2012.11.30"]
[EventRounds "10"]
[EventCountry "ESP"]

1. e4 e5 2. Nf3 Nc6 3. Bb5 a6 4. Ba4 d6 5. c3 Bd7 6. O-O Nge7 7. Re1 Ng6 8. d4
Be7 9. Nbd2 O-O 10. Nf1 Nh4 11. Nxh4 Bxh4 12. d5 Ne7 13. Bxd7 Qxd7 14. g3 Bf6
15. Ne3 g6 16. Qg4 Rad8 17. b3 Bg7 18. Qxd7 Rxd7 19. f3 f5 20. Kg2 f4 21. Nc2
g5 22. g4 Kf7 23. a4 c5 24. Na3 1/2-1/2

[Event "XI GRAN TORNEO INTERNACIONAL AFICIONADOS"]
[Site "Benidorm (Alicante - SPAIN)"]
[Date "2012.12.01"]
[Round "2"]
[White "Santagati, Alessandro"]
[Black "Rizza, Francesco"]
[Result "1-0"]
[WhiteElo "2210"]
[BlackElo "2040"]
[PlyCount "39"]
[EventDate "2012.11.30"]
[EventRounds "10"]
[EventCountry "ESP"]

1. d4 Nf6 2. Nc3 d5 3. Bg5 e6 4. e4 Bb4 5. e5 h6 6. Be3 Bxc3+ 7. bxc3 Ne4 8.
Qg4 Kf8 9. Bd3 f5 10. exf6 Nxf6 11. Qg3 c5 12. dxc5 Nc6 13. Nf3 Qa5 14. O-O Bd7
15. Rab1 Rb8 16. Bf4 Ra8 17. Rxb7 Qxc3 18. Be5 Nxe5 19. Nxe5 Rd8 20. c6 1-0

[Event "XI GRAN TORNEO INTERNACIONAL AFICIONADOS"]
[Site "Benidorm (Alicante - SPAIN)"]
[Date "2012.12.01"]
[Round "2"]
[White "Sanchez Jerez, Emilio Miguel"]
[Black "Mascarell Canet, Ricardo"]
[Result "1-0"]
[WhiteElo "2202"]
[BlackElo "2035"]
[PlyCount "51"]
[EventDate "2012.11.30"]
[EventRounds "10"]
[EventCountry "ESP"]

1. e4 c5 2. Nc3 e6 3. Nf3 Nc6 4. d4 cxd4 5. Nxd4 Qb6 6. Nb3 Nf6 7. g3 Bb4 8.
Bg2 Ne5 9. O-O a6 10. Kh1 h5 11. h3 Be7 12. f4 Neg4 13. e5 Nf2+ 14. Rxf2 Qxf2
15. exf6 gxf6 16. Ne4 Qb6 17. c4 f5 18. c5 Qc7 19. Nd6+ Kf8 20. Bd2 h4 21. Ba5
Bxd6 22. Bxc7 Bxc7 23. Qd4 Rh6 24. gxh4 Rb8 25. Nd2 b5 26. cxb6 1-0

[Event "XI GRAN TORNEO INTERNACIONAL AFICIONADOS"]
[Site "Benidorm (Alicante - SPAIN)"]
[Date "2012.12.01"]
[Round "2"]
[White "Martin Perez, Javier"]
[Black "Nicolas Zapata, Javier"]
[Result "1/2-1/2"]
[WhiteElo "2170"]
[BlackElo "2027"]
[PlyCount "67"]
[EventDate "2012.11.30"]
[EventRounds "10"]
[EventCountry "ESP"]

1. e4 c5 2. Nf3 d6 3. d4 cxd4 4. Nxd4 Nf6 5. Nc3 g6 6. Bc4 Bg7 7. Be3 O-O 8. f3
Nc6 9. Qd2 Bd7 10. O-O-O Rb8 11. h4 b5 12. Be2 b4 13. Nd5 Nxd5 14. exd5 Nxd4
15. Bxd4 Bxd4 16. Qxd4 Qa5 17. Kb1 Qc5 18. Qxc5 dxc5 19. d6 exd6 20. Rxd6 Bb5
21. Bxb5 Rxb5 22. Rd7 Re8 23. h5 gxh5 24. b3 c4 25. bxc4 Rc5 26. Rh4 Re2 27.
Rf4 Rxg2 28. Rxa7 h4 29. Rxh4 Re5 30. Rf4 Re1+ 31. Kb2 Ree2 32. Rfxf7 Rxc2+ 33.
Kb3 Rb2+ 34. Ka4 1/2-1/2

[Event "XI GRAN TORNEO INTERNACIONAL AFICIONADOS"]
[Site "Benidorm (Alicante - SPAIN)"]
[Date "2012.12.01"]
[Round "2"]
[White "Gonzalez Aguirre, Luis"]
[Black "Aledo Lopez, Angel"]
[Result "1/2-1/2"]
[WhiteElo "2110"]
[BlackElo "2005"]
[PlyCount "52"]
[EventDate "2012.11.30"]
[EventRounds "10"]
[EventCountry "ESP"]

1. c4 e5 2. g3 Nf6 3. Bg2 d5 4. cxd5 Nxd5 5. Nc3 Nb6 6. Nf3 Nc6 7. O-O Be7 8.
a3 O-O 9. b4 Be6 10. b5 Nd4 11. Rb1 f6 12. d3 c5 13. bxc6 Nxc6 14. Na4 Kh8 15.
Bb2 Rc8 16. Nxb6 axb6 17. Nd2 Na5 18. Rc1 Qd7 19. Rc3 Rxc3 20. Bxc3 Bxa3 21.
Qa1 Bc5 22. Rb1 Nc6 23. Nc4 Bxc4 24. dxc4 Qg4 25. Qa2 Qc8 26. Rd1 Nd4 1/2-1/2

[Event "XI GRAN TORNEO INTERNACIONAL AFICIONADOS"]
[Site "Benidorm (Alicante - SPAIN)"]
[Date "2012.12.01"]
[Round "2"]
[White "Lada, Ireneusz"]
[Black "Camacho Calle, Pedro"]
[Result "0-1"]
[WhiteElo "2003"]
[BlackElo "2103"]
[PlyCount "64"]
[EventDate "2012.11.30"]
[EventRounds "10"]
[EventCountry "ESP"]

1. c4 b6 2. Nf3 Bb7 3. g3 Bxf3 4. exf3 c5 5. Bg2 Nc6 6. f4 Rc8 7. b3 e6 8. Bb2
Nge7 9. O-O Nf5 10. Na3 Be7 11. Nc2 Bf6 12. Bc3 O-O 13. Re1 Nfd4 14. Bxc6 dxc6
15. Rb1 Rc7 16. Bxd4 Bxd4 17. Qf3 Bf6 18. Rbd1 Rd7 19. d3 Bc3 20. Re4 Rd6 21.
Kg2 Qd7 22. Qe2 Rd8 23. Re3 g6 24. h4 Qe7 25. h5 Qf6 26. Re4 gxh5 27. Re5 h4
28. Rh5 hxg3 29. fxg3 Kf8 30. Rxh7 Qg6 31. Rh5 Rxd3 32. Rg5 Rxd1 0-1

[Event "XI GRAN TORNEO INTERNACIONAL AFICIONADOS"]
[Site "Benidorm (Alicante - SPAIN)"]
[Date "2012.12.01"]
[Round "2"]
[White "Megias Ortiz, Vicente Manuel"]
[Black "Sarto Ramos, Angel"]
[Result "1-0"]
[WhiteElo "2081"]
[BlackElo "1974"]
[PlyCount "79"]
[EventDate "2012.11.30"]
[EventRounds "10"]
[EventCountry "ESP"]

1. d4 g6 2. e4 c6 3. c4 d6 4. Nc3 Bg7 5. Be3 Nf6 6. f3 a6 7. Qd2 b5 8. h4 h5 9.
Nh3 bxc4 10. Bxc4 d5 11. Bb3 dxe4 12. Nxe4 e6 13. Nhg5 Nd5 14. Bf2 f6 15. Nh3
Bh6 16. Qd3 Qa5+ 17. Nc3 Kf7 18. g3 Nd7 19. O-O Nxc3 20. bxc3 Nb6 21. Kg2 Qb5
22. Qc2 Nc4 23. Rfe1 a5 24. Qe2 Nd6 25. Bxe6+ Kg7 26. c4 Qb8 27. c5 Re8 28.
cxd6 Bxe6 29. Qxe6 Rxe6 30. Rxe6 Ra7 31. d5 Rd7 32. dxc6 Rxd6 33. Re7+ Kg8 34.
c7 Qc8 35. Rb1 Kf8 36. Rb8 Kxe7 37. Rxc8 Rc6 38. Bb6 Rc2+ 39. Nf2 Bf8 40. Rd8
1-0

[Event "XI GRAN TORNEO INTERNACIONAL AFICIONADOS"]
[Site "Benidorm (Alicante - SPAIN)"]
[Date "2012.12.01"]
[Round "2"]
[White "Cucarella Montell, Angels"]
[Black "Donado-Mazarron Gomez, Miguel"]
[Result "0-1"]
[WhiteElo "1987"]
[BlackElo "2072"]
[PlyCount "54"]
[EventDate "2012.11.30"]
[EventRounds "10"]
[EventCountry "ESP"]

1. e4 c5 2. Nf3 d6 3. d4 cxd4 4. Nxd4 Nf6 5. Nc3 a6 6. Qf3 e6 7. g4 Qb6 8. Nb3
Nc6 9. g5 Nd7 10. Be3 Qc7 11. O-O-O b5 12. Qh3 g6 13. f4 Bg7 14. Nd4 O-O 15. f5
b4 16. Nce2 exf5 17. exf5 Nb6 18. Qg3 Be5 19. Qh4 Nc4 20. f6 h5 21. Bf2 Nxd4
22. Bxd4 Bf5 23. Ng3 Ne3 24. c3 bxc3 25. bxc3 Bg4 26. Ne2 Bxd4 27. Rxd4 Bxe2
0-1

[Event "XI GRAN TORNEO INTERNACIONAL AFICIONADOS"]
[Site "Benidorm (Alicante - SPAIN)"]
[Date "2012.12.01"]
[Round "2"]
[White "Lopez Mulet, Inigo"]
[Black "Porfireanu, Serban"]
[Result "1-0"]
[WhiteElo "2064"]
[BlackElo "1902"]
[PlyCount "51"]
[EventDate "2012.11.30"]
[EventRounds "10"]
[EventCountry "ESP"]

1. d4 Nf6 2. c4 d5 3. Nf3 dxc4 4. Nc3 e6 5. e4 Be7 6. Bxc4 c6 7. a4 O-O 8. O-O
Qc7 9. Bg5 Re8 10. Rc1 Nbd7 11. e5 Nd5 12. Bxd5 Bxg5 13. Nxg5 h6 14. Nxf7 Kxf7
15. Nb5 Qd8 16. Nd6+ Kg8 17. Nxe8 Qxe8 18. Ba2 Nf8 19. f4 Bd7 20. f5 Rd8 21. f6
Qg6 22. fxg7 Qxg7 23. Rc3 Kh8 24. Rg3 Ng6 25. Rf6 Be8 26. Bxe6 1-0

[Event "XI GRAN TORNEO INTERNACIONAL AFICIONADOS"]
[Site "Benidorm (Alicante - SPAIN)"]
[Date "2012.12.01"]
[Round "2"]
[White "Alonso Jimenez, Joan"]
[Black "Garcia De Lomas Guerrero, Carl"]
[Result "0-1"]
[WhiteElo "1948"]
[BlackElo "2053"]
[PlyCount "66"]
[EventDate "2012.11.30"]
[EventRounds "10"]
[EventCountry "ESP"]

1. Nf3 Nf6 2. g3 d5 3. Bg2 c5 4. O-O Nc6 5. d4 e6 6. c4 dxc4 7. Qa4 cxd4 8. Ne5
Bd7 9. Nxc6 bxc6 10. Qxc4 Qb6 11. Rd1 e5 12. a3 Rc8 13. b4 c5 14. Bd5 Nxd5 15.
Qxd5 Bd6 16. f4 Be6 17. Qf3 f5 18. fxe5 Bxe5 19. Bf4 Bf6 20. Nc3 Qc6 21. Qxc6+
Rxc6 22. Nb5 g5 23. Bb8 a6 24. Nc7+ Kf7 25. Nxe6 Rxe6 26. Ba7 d3 27. Rac1 Bd4+
28. Kg2 Rxe2+ 29. Kh1 d2 30. Rb1 Rhe8 31. Bxc5 Bxc5 32. bxc5 g4 33. Rb7+ Kg8
0-1

[Event "XI GRAN TORNEO INTERNACIONAL AFICIONADOS"]
[Site "Benidorm (Alicante - SPAIN)"]
[Date "2012.12.01"]
[Round "2"]
[White "Machlik, Jon"]
[Black "Cebolla Moll, Ricardo"]
[Result "1-0"]
[WhiteElo "1793"]
[BlackElo "2049"]
[PlyCount "39"]
[EventDate "2012.11.30"]
[EventRounds "10"]
[EventCountry "ESP"]

1. e4 d5 2. exd5 Qxd5 3. Nf3 Nf6 4. d4 c6 5. c4 Qd6 6. Nc3 Bg4 7. Be2 e6 8. O-O
Nbd7 9. Re1 Bxf3 10. Bxf3 O-O-O 11. d5 exd5 12. cxd5 Nb8 13. Bg5 Be7 14. Rc1
Rhe8 15. Nb5 Qb4 16. Nxa7+ Kc7 17. Be3 Bd6 18. a3 Qh4 19. g3 Qh3 20. dxc6 1-0

[Event "XI GRAN TORNEO INTERNACIONAL AFICIONADOS"]
[Site "Benidorm (Alicante - SPAIN)"]
[Date "2012.12.02"]
[Round "3"]
[White "Parligras, Cosmin"]
[Black "Cano Gimenez, Vicente"]
[Result "1/2-1/2"]
[WhiteElo "2298"]
[BlackElo "2213"]
[PlyCount "31"]
[EventDate "2012.11.30"]
[EventRounds "10"]
[EventCountry "ESP"]

1. e4 c5 2. Nf3 g6 3. d4 cxd4 4. Nxd4 Nc6 5. c4 Nf6 6. Nc3 d6 7. Be2 Nxd4 8.
Qxd4 Bg7 9. Be3 O-O 10. Qd2 a5 11. Rd1 Be6 12. O-O a4 13. f4 Qa5 14. b3 axb3
15. axb3 Bg4 16. Bf3 1/2-1/2

[Event "XI GRAN TORNEO INTERNACIONAL AFICIONADOS"]
[Site "Benidorm (Alicante - SPAIN)"]
[Date "2012.12.02"]
[Round "3"]
[White "Tejedor Fuentes, Enrique"]
[Black "Arata, Roberto Mario"]
[Result "1-0"]
[WhiteElo "2297"]
[BlackElo "2205"]
[PlyCount "49"]
[EventDate "2012.11.30"]
[EventRounds "10"]
[EventCountry "ESP"]

1. e4 c5 2. Nf3 d6 3. d4 cxd4 4. Nxd4 Nf6 5. Nc3 g6 6. Bc4 Bg7 7. f3 Nc6 8. Be3
Bd7 9. Qd2 O-O 10. O-O-O Rb8 11. Bb3 Na5 12. Bh6 Nxb3+ 13. Nxb3 b5 14. g4 a5
15. Bxg7 Kxg7 16. e5 Ne8 17. Ne4 a4 18. Nbc5 Bc6 19. exd6 Nxd6 20. Qc3+ Kg8 21.
Rxd6 Qc8 22. Ne6 exd6 23. N6c5 Qd8 24. Nf6+ Kh8 25. Nce4 1-0

[Event "XI GRAN TORNEO INTERNACIONAL AFICIONADOS"]
[Site "Benidorm (Alicante - SPAIN)"]
[Date "2012.12.02"]
[Round "3"]
[White "Cruz Lledo, Pablo"]
[Black "Ivanov, Borislav"]
[Result "1/2-1/2"]
[WhiteElo "2281"]
[BlackElo "2201"]
[PlyCount "123"]
[EventDate "2012.11.30"]
[EventRounds "10"]
[EventCountry "ESP"]

1. d4 d5 2. c4 c6 3. cxd5 cxd5 4. Nc3 Nf6 5. Nf3 Nc6 6. Bf4 Ne4 7. e3 Nxc3 8.
bxc3 g6 9. Bd3 Bg7 10. O-O O-O 11. e4 Bg4 12. h3 Bxf3 13. Qxf3 e5 14. dxe5 Nxe5
15. Bxe5 Bxe5 16. exd5 Bxc3 17. Rab1 b6 18. Bb5 Rc8 19. Bc6 Qf6 20. Qxf6 Bxf6
21. f4 Bd4+ 22. Kh1 Kg7 23. f5 g5 24. Rbd1 Bc5 25. f6+ Kg6 26. Rde1 Rcd8 27.
Re7 a5 28. Rd7 Rxd7 29. Bxd7 h5 30. g4 hxg4 31. hxg4 Rh8+ 32. Kg2 Bd6 33. Bb5
Rh2+ 34. Kg1 Rd2 35. Rf3 Bf4 36. Rd3 Rxa2 37. d6 Rb2 38. Bc6 Kxf6 39. d7 Bc7
40. d8=B+ Bxd8 41. Rxd8 Ke5 42. Rd5+ Kf4 43. Bd7 Rb4 44. Kf2 a4 45. Rf5+ Ke4
46. Rxf7 b5 47. Bc6+ Kd4 48. Ra7 Kc4 49. Ke3 Kb3 50. Bd5+ Kb2 51. Be6 a3 52.
Rg7 Ra4 53. Rxg5 b4 54. Rb5 a2 55. Bxa2 Kxa2 56. Kf4 b3+ 57. Kf5 b2 58. g5 Ra3
59. Rxb2+ Kxb2 60. g6 Rg3 61. Kf6 Rxg6+ 62. Kxg6 1/2-1/2

[Event "XI GRAN TORNEO INTERNACIONAL AFICIONADOS"]
[Site "Benidorm (Alicante - SPAIN)"]
[Date "2012.12.02"]
[Round "3"]
[White "Alonso Alvarez, Aitor"]
[Black "Pavon Cardenas, Jesus M"]
[Result "1-0"]
[WhiteElo "2196"]
[BlackElo "2274"]
[PlyCount "101"]
[EventDate "2012.11.30"]
[EventRounds "10"]
[EventCountry "ESP"]

1. e4 d5 2. exd5 Qxd5 3. Nc3 Qd6 4. Nf3 Nf6 5. d4 a6 6. Be2 Nc6 7. Be3 Bg4 8.
Qd2 O-O-O 9. O-O-O h6 10. Bf4 Qb4 11. a3 Qa5 12. Ne5 Nxe5 13. Bxe5 Bf5 14. Bd3
Bd7 15. Ne4 Qxd2+ 16. Rxd2 Bc6 17. f3 Nd7 18. Bg3 Nb6 19. Nc3 e6 20. Be4 Bxe4
21. fxe4 Be7 22. Rd3 f6 23. Ne2 g5 24. Rf1 Rhg8 25. Be1 h5 26. h3 h4 27. Nc3 c6
28. Nd1 Rgf8 29. Ba5 Nd7 30. Bxd8 Bxd8 31. Nc3 Bc7 32. d5 cxd5 33. exd5 Bf4+
34. Kb1 e5 35. Ne4 f5 36. Rc3+ Kb8 37. Nc5 Nxc5 38. Rxc5 e4 39. d6 e3 40. d7
Bg3 41. Rcxf5 Rd8 42. Rf8 Kc7 43. Re8 Bf4 44. Rd1 Rxd7 45. Rxd7+ Kxd7 46. Re4
b5 47. c3 Kc6 48. Kc2 Kd5 49. Kd3 a5 50. b3 Kc5 51. Re6 1-0